[Event "Charlotte Thanksgiving IM"]
[Site "Charlotte USA"]
[Date "2020.11.28"]
[Round "5.4"]
[White "Martin Del Campo C., Roberto"]
[Black "Atanasov, Anthony"]
[Result "0-1"]
[WhiteElo "2313"]
[BlackElo "2144"]
[PlyCount "134"]
[EventDate "2020.11.26"]
[EventType "tourn"]
[EventRounds "9"]
[EventCountry "USA"]
[EventCategory "2"]
[Source "ChessMix"]
[SourceDate "2020.12.01"]

1. e4 c5 2. Nf3 d6 3. d4 cxd4 4. Nxd4 Nf6 5. Nc3 a6 6. Be2 e6 7. O-O b5 8. Bf3
Ra7 9. Be3 Rc7 10. a4 b4 11. Na2 Bb7 12. c3 bxc3 13. Nxc3 Nbd7 14. Rc1 Nc5 15.
Qe2 Be7 16. Rfd1 Qa8 17. b4 Ncd7 18. b5 Nc5 19. e5 dxe5 20. Nc6 e4 21. Bxc5
Bxc6 22. bxc6 exf3 23. Qe5 Rxc6 24. Rb1 Nd7 25. Rxd7 Bxc5 26. Rb8+ Kxd7 27.
Rxa8 Rxa8 28. Qxg7 Be7 29. gxf3 f5 30. Ne2 Rc4 31. Qb2 Rg8+ 32. Kf1 Rb4 33.
Qd2+ Bd6 34. Ng3 Rb1+ 35. Ke2 Rgb8 36. Qh6 R8b2+ 37. Kd3 Rxf2 38. Qxh7+ Kc6 39.
Qa7 Rb3+ 40. Kc4 Rb4+ 41. Kd3 Rxf3+ 42. Ke2 Rf2+ 43. Kd3 Rb3+ 44. Kc4 Rb6 45.
a5 Rf4+ 46. Kd3 Rf3+ 47. Ke2 Re3+ 48. Kd2 Bb4+ 49. Kc2 Rc3+ 50. Kd1 Bxa5 51.
Qa8+ Kb5 52. Nxf5 Rd3+ 53. Ke2 Rd2+ 54. Ke3 exf5 55. Qe8+ Rc6 56. h4 Rd5 57. h5
f4+ 58. Kxf4 Bc7+ 59. Kf3 Re5 60. Qd7 Rxh5 61. Qd3+ Kb6 62. Qd4+ Rhc5 63. Qb4+
Rb5 64. Qd4+ Kb7 65. Qe4 a5 66. Qa4 Rf6+ 67. Ke2 Re5+ 0-1

[Event "Charlotte Thanksgiving IM"]
[Site "Charlotte USA"]
[Date "2020.11.28"]
[Round "6.2"]
[White "Atanasov, Anthony"]
[Black "Kumar, Nikhil"]
[Result "1/2-1/2"]
[WhiteElo "2144"]
[BlackElo "2328"]
[PlyCount "190"]
[EventDate "2020.11.26"]
[EventType "tourn"]
[EventRounds "9"]
[EventCountry "USA"]
[EventCategory "2"]
[Source "ChessMix"]
[SourceDate "2020.12.01"]

1. d4 d5 2. Bf4 Nf6 3. e3 e6 4. Nf3 c5 5. Nbd2 Qb6 6. Rb1 Bd6 7. Bxd6 Qxd6 8.
Ne5 O-O 9. c3 Nfd7 10. Ndf3 Nc6 11. Nxd7 Bxd7 12. Bd3 e5 13. dxe5 Nxe5 14. Nxe5
Qxe5 15. O-O g6 16. Be2 Be6 17. Bf3 Rfd8 18. Qa4 b6 19. Rfd1 Rd7 20. Rd2 Rad8
21. Rbd1 Kg7 22. h3 f5 23. Qc6 Rd6 24. Qc7+ R8d7 25. Qb8 Qf6 26. Qc8 Qe7 27.
Qa6 g5 28. Qa4 Qf6 29. Be2 a5 30. a3 Qf7 31. Qb5 f4 32. e4 f3 33. e5 fxe2 34.
Rxe2 Bg4 35. hxg4 Rh6 36. Qa4 Rd8 37. Rd3 Qe6 38. Rf3 d4 39. Rf5 d3 40. Rxg5+
Kh8 41. Rd2 Rh4 42. Qf4 Qh6 43. Qf6+ Qxf6 44. exf6 Rh6 45. Rf5 Kg8 46. g5 Rh4
47. f4 Kf7 48. g3 Rh5 49. c4 h6 50. g6+ Kxg6 51. Rxh5 Kxh5 52. f7 Rf8 53. Rxd3
Rxf7 54. Kf2 Rf6 55. Kf3 Kg6 56. g4 Rc6 57. Rd7 h5 58. f5+ Kg5 59. Rg7+ Kh6 60.
Rd7 Kg5 61. gxh5 Kxf5 62. Rd5+ Kf6 63. Ke4 Re6+ 64. Kf4 Kg7 65. Rg5+ Kh7 66.
Rg6 Re1 67. Rxb6 Rc1 68. Ke5 Rxc4 69. Kd5 Rc2 70. b3 Rh2 71. h6 Rc2 72. a4 Rc3
73. Kc6 Kxh6 74. Kb5+ Kg5 75. Kxa5 Kf5 76. Ka6 Ke5 77. a5 Kd5 78. Kb7 Rh3 79.
a6 Rh7+ 80. Ka8 Rh8+ 81. Rb8 Rh7 82. Rc8 Rh3 83. a7 Rxb3 84. Rb8 Ra3 85. Kb7 c4
86. a8=Q Rxa8 87. Rxa8 c3 88. Kb6 Kc4 89. Rc8+ Kd3 90. Kb5 c2 91. Kb4 Kd2 92.
Rd8+ Ke1 93. Rg8 c1=Q 94. Rg1+ Kd2 95. Rxc1 Kxc1 1/2-1/2

[Event "Charlotte Thanksgiving IM"]
[Site "Charlotte USA"]
[Date "2020.11.29"]
[Round "7.5"]
[White "Jacobson, Aaron"]
[Black "Atanasov, Anthony"]
[Result "1-0"]
[WhiteElo "2262"]
[BlackElo "2144"]
[PlyCount "105"]
[EventDate "2020.11.26"]
[EventType "tourn"]
[EventRounds "9"]
[EventCountry "USA"]
[EventCategory "2"]
[Source "ChessMix"]
[SourceDate "2020.12.01"]

1. e4 c5 2. Nf3 d6 3. d4 cxd4 4. Nxd4 Nf6 5. Nc3 a6 6. Be3 e6 7. f3 b5 8. Qd2
Nbd7 9. g4 h6 10. O-O-O Bb7 11. h4 b4 12. Na4 Qa5 13. b3 Nc5 14. a3 Nxa4 15.
axb4 Qc7 16. bxa4 d5 17. e5 Nd7 18. f4 Nb6 19. f5 Nxa4 20. fxe6 Nc3 21. exf7+
Kxf7 22. Bd3 Bxb4 23. Rdf1+ Ke8 24. Qf2 Bc8 25. Bg6+ Ke7 26. Qf7+ Kd8 27. Qxc7+
Kxc7 28. Rf7+ Kb6 29. Nf5+ Kb5 30. Rxg7 Bxf5 31. Rb7+ Ka4 32. gxf5 Ne2+ 33. Kd1
Nc3+ 34. Kc1 Ne2+ 35. Kd1 Nc3+ 36. Kd2 Na2+ 37. Kd3 Bc3 38. Bd4 Rac8 39. Bxc3
Rxc3+ 40. Kd2 Rhc8 41. f6 Rg3 42. Ra1 Rg2+ 43. Ke3 Rc3+ 44. Bd3 Rgxc2 45. Kd4
Ka3 46. Bxc2 Rxc2 47. f7 Rf2 48. e6 h5 49. Rb8 Rf4+ 50. Kxd5 Rf5+ 51. Kd6 a5
52. f8=Q a4 53. Rxa2+ 1-0

[Event "Charlotte Thanksgiving IM"]
[Site "Charlotte USA"]
[Date "2020.11.29"]
[Round "8.2"]
[White "Arjun, Vishnuvardhan"]
[Black "Atanasov, Anthony"]
[Result "1-0"]
[WhiteElo "2283"]
[BlackElo "2144"]
[PlyCount "77"]
[EventDate "2020.11.26"]
[EventType "tourn"]
[EventRounds "9"]
[EventCountry "USA"]
[EventCategory "2"]
[Source "ChessMix"]
[SourceDate "2020.12.01"]

1. c4 Nf6 2. g3 g6 3. Bg2 d5 4. cxd5 Nxd5 5. Nc3 Nxc3 6. bxc3 Bg7 7. h4 c5 8.
h5 Nc6 9. Nh3 e5 10. Rb1 Qc7 11. Qa4 Bd7 12. Qh4 Nd8 13. h6 Bf8 14. Qf6 Rg8 15.
Ng5 Bc6 16. e4 Qe7 17. Nxh7 Bd7 18. d3 Nc6 19. Bg5 O-O-O 20. Nxf8 Qxf8 21. h7
Rh8 22. Bh6 Qe7 23. Qxe7 Nxe7 24. Bg7 Nc6 25. Ke2 Bg4+ 26. Ke3 Kc7 27. f4 exf4+
28. gxf4 Bh5 29. Bxh8 Rxh8 30. Bf3 Rxh7 31. Rbg1 f6 32. f5 Ne5 33. fxg6 Rd7 34.
Bxh5 Rxd3+ 35. Ke2 Rxc3 36. g7 Rc2+ 37. Ke3 Rc3+ 38. Kf4 Nd3+ 39. Kf5 1-0

[Event "Charlotte Thanksgiving IM"]
[Site "Charlotte USA"]
[Date "2020.11.30"]
[Round "9.1"]
[White "Atanasov, Anthony"]
[Black "Paciorkowski, Lev"]
[Result "1/2-1/2"]
[WhiteElo "2144"]
[BlackElo "2194"]
[PlyCount "103"]
[EventDate "2020.11.26"]
[EventType "tourn"]
[EventRounds "9"]
[EventCountry "USA"]
[EventCategory "2"]
[Source "ChessMix"]
[SourceDate "2020.12.01"]

1. d4 Nf6 2. Bf4 g6 3. e3 Bg7 4. Nf3 d6 5. Be2 O-O 6. O-O Nc6 7. c3 Nd7 8. Nbd2
e5 9. Bg3 h6 10. dxe5 dxe5 11. e4 Qe7 12. Nc4 Nd8 13. Ne3 Ne6 14. Bc4 c6 15.
Bh4 Ng5 16. Kh1 Nc5 17. Qc2 Bf6 18. Nxg5 hxg5 19. Bg3 b5 20. Be2 Bd7 21. b4 Ne6
22. a4 a6 23. Rfd1 Bg7 24. f3 Rfd8 25. Bf1 Be8 26. Rxd8 Rxd8 27. axb5 axb5 28.
Ng4 Nf4 29. Bf2 Ne6 30. Be3 c5 31. bxc5 Nxc5 32. Rb1 Rb8 33. Bf2 Ne6 34. Ne3
Qb7 35. Nd5 Nf4 36. c4 Nxd5 37. cxd5 Bf8 38. Be3 f6 39. Bd2 b4 40. Qb3 Bd6 41.
Rc1 Kg7 42. h3 Bd7 43. Rb1 Qa8 44. Qb2 Qb7 45. Bc4 Qc8 46. Rc1 Qb7 47. Ra1 Qc7
48. Qb3 Kf8 49. Bd3 Ke7 50. Kh2 Rb7 51. Ra2 Rb8 52. Rc2 1/2-1/2

[Event "SPICE Cup"]
[Site "Chesterfield USA"]
[Date "2020.10.20"]
[Round "1"]
[White "Atanasov, Anthony"]
[Black "Prohaszka, Peter2"]
[Result "0-1"]
[WhiteElo "2205"]
[BlackElo "2592"]
[PlyCount "98"]
[EventDate "2020.10.20"]
[EventType "swiss"]
[EventRounds "9"]
[EventCountry "USA"]
[Source "ChessMix"]
[SourceDate "2020.11.01"]

1. d4 d5 2. Nf3 Nf6 3. Bf4 c5 4. e3 cxd4 5. exd4 Nc6 6. Nbd2 Bf5 7. c3 e6 8.
Qa4 Qb6 9. Qb3 Nd7 10. Nh4 Bg4 11. h3 Bh5 12. g4 Bg6 13. Nxg6 hxg6 14. Bd3 Rc8
15. Nf3 Be7 16. Kf1 Na5 17. Qc2 Nc4 18. Rb1 Bd6 19. Bxd6 Qxd6 20. Kg2 O-O 21.
Qc1 Rfe8 22. Re1 b5 23. Qg5 Nf8 24. Bxc4 f6 25. Qh4 g5 26. Qg3 Qxg3+ 27. Kxg3
bxc4 28. h4 gxh4+ 29. Nxh4 Rc6 30. f4 Rb8 31. Re2 Ra6 32. b4 Ra3 33. Rc2 Nd7
34. Ng6 Kf7 35. f5 e5 36. Kh4 exd4 37. cxd4 Nf8 38. Nh8+ Kg8 39. Ng6 Re8 40.
Nf4 g5+ 41. fxg6 Kg7 42. Nh5+ Kh6 43. Ng3 Nxg6+ 44. Kh3 Ree3 45. Rg1 Kg5 46.
Kh2 Nh4 47. Kh3 f5 48. gxf5 Nxf5 49. Rcg2 Rxg3+ 0-1

[Event "SPICE Cup"]
[Site "Chesterfield USA"]
[Date "2020.10.21"]
[Round "2"]
[White "Proleiko, Julian"]
[Black "Atanasov, Anthony"]
[Result "0-1"]
[WhiteElo "2131"]
[BlackElo "2205"]
[PlyCount "84"]
[EventDate "2020.10.20"]
[EventType "swiss"]
[EventRounds "9"]
[EventCountry "USA"]
[Source "ChessMix"]
[SourceDate "2020.11.01"]

1. c4 Nf6 2. Nf3 g6 3. g3 Bg7 4. Bg2 O-O 5. O-O d5 6. cxd5 Nxd5 7. d4 Nc6 8. e4
Nb6 9. d5 Na5 10. Nc3 c6 11. Be3 Nac4 12. Bd4 Nxb2 13. Qb3 Bxd4 14. Nxd4 N2c4
15. Rfd1 c5 16. Nf3 Bg4 17. a4 Na5 18. Qc2 Nbc4 19. Re1 e5 20. Nh4 Nd6 21. Nb5
Nxb5 22. axb5 b6 23. Qc3 Qe7 24. f4 f6 25. Bf1 c4 26. d6 Qxd6 27. Bxc4+ Nxc4
28. Qxc4+ Be6 29. fxe5 Qxe5 30. Qe2 Rfd8 31. Nf3 Qc5+ 32. Qf2 Qxb5 33. Nd4 Qd7
34. Rad1 Qf7 35. Ra1 a5 36. Nc6 Rd6 37. Qxb6 Bd7 38. Red1 Rxc6 39. Qb7 Rd8 40.
Rxa5 Re6 41. Rad5 Re7 42. Rd6 Be8 0-1

[Event "SPICE Cup"]
[Site "Chesterfield USA"]
[Date "2020.10.21"]
[Round "3"]
[White "Atanasov, Anthony"]
[Black "Bruzon Batista, Lazaro"]
[Result "0-1"]
[WhiteElo "2205"]
[BlackElo "2644"]
[PlyCount "100"]
[EventDate "2020.10.20"]
[EventType "swiss"]
[EventRounds "9"]
[EventCountry "USA"]
[Source "ChessMix"]
[SourceDate "2020.11.01"]

1. d4 Nf6 2. Nf3 e6 3. Bf4 Be7 4. h3 b6 5. e3 O-O 6. Be2 c5 7. c3 Ba6 8. O-O
Qc8 9. Nbd2 Bxe2 10. Qxe2 Qa6 11. Qxa6 Nxa6 12. a4 Rfc8 13. Ne5 d6 14. Nec4 Ne8
15. Na3 cxd4 16. exd4 Nac7 17. Bg3 Rd8 18. Ndc4 Rac8 19. Ne3 d5 20. Nb5 Nxb5
21. axb5 Rd7 22. Ra6 Bd6 23. Rfa1 Bxg3 24. fxg3 Rcc7 25. Nc2 Nd6 26. R1a3 h5
27. Rb3 Ne4 28. Nb4 Nd2 29. Rba3 Nc4 30. Rb3 f6 31. Ra1 Kf7 32. Nc6 Nd6 33. Nb8
Rd8 34. Nc6 Ra8 35. Nb4 Ke7 36. Nd3 g5 37. h4 Rg8 38. hxg5 Rxg5 39. Nb4 Rxg3
40. Nc6+ Kd7 41. Nxa7 Nc4 42. Nc6 Kd6 43. Nd8 Rcg7 44. Kh1 h4 45. Rb4 h3 46.
Kh2 Rxg2+ 47. Kh1 Nd2 48. c4 Ne4 49. c5+ Ke7 50. Ra7+ Kxd8 0-1

[Event "SPICE Cup"]
[Site "Chesterfield USA"]
[Date "2020.10.22"]
[Round "4"]
[White "Oberoi, Shelev"]
[Black "Atanasov, Anthony"]
[Result "1-0"]
[WhiteElo "2101"]
[BlackElo "2205"]
[PlyCount "217"]
[EventDate "2020.10.20"]
[EventType "swiss"]
[EventRounds "9"]
[EventCountry "USA"]
[Source "ChessMix"]
[SourceDate "2020.11.01"]

1. e4 c5 2. c3 Nf6 3. e5 Nd5 4. Nf3 Nc6 5. d4 cxd4 6. Bc4 Nb6 7. Bb3 d5 8. exd6
Qxd6 9. Na3 a6 10. cxd4 e6 11. O-O Be7 12. Nb1 O-O 13. Nc3 Nd5 14. Bc2 b5 15.
Qd3 g6 16. Ne4 Qc7 17. Qd2 Rd8 18. Qh6 Bf8 19. Qh4 Nce7 20. Nc5 e5 21. Nxe5 Nf5
22. Bxf5 Bxf5 23. Ne4 Bxe4 24. Qxe4 Bg7 25. Nf3 Qc4 26. Qh4 h5 27. Be3 Re8 28.
Rfe1 Qc2 29. Qg5 Nb4 30. Rec1 Qxb2 31. Rab1 Qa3 32. Rc7 Qd3 33. Rbc1 Qe4 34.
Nd2 Qe6 35. a3 Nd5 36. R7c6 Qd7 37. Nb3 Ne7 38. Rc7 Qd6 39. Qc5 Qe6 40. Nd2
Rad8 41. Nf3 Bf6 42. h3 Rd5 43. Qa7 Rf5 44. Qb7 Qb3 45. Qxa6 Nd5 46. Rc8 Rxc8
47. Qxc8+ Kg7 48. Qe8 Ne7 49. Ne5 Qe6 50. g4 hxg4 51. hxg4 Rf3 52. Nxf3 Qxg4+
53. Kf1 Qxf3 54. Qxb5 Nf5 55. Qd3 Bg5 56. Ke1 Nxe3 57. fxe3 Bxe3 58. Rc3 Qf2+
59. Kd1 Bxd4 60. Rc4 Bf6 61. Qe2 Qg1+ 62. Kc2 Qa1 63. Kb3 Qb1+ 64. Ka4 Qb6 65.
Qe4 Bb2 66. Qa8 Qf6 67. Kb3 Ba1 68. Qg2 Qb6+ 69. Ka2 Bf6 70. Qc2 Qg1 71. Qb1
Qg2+ 72. Qc2 Qf1 73. Rb4 Qe1 74. Re4 Qa5 75. Kb3 g5 76. Rb4 Qd5+ 77. Ka4 Qa8+
78. Kb3 Qf3+ 79. Ka2 Qd5+ 80. Rc4 Qe5 81. a4 Qa5 82. Rc5 Qb6 83. a5 Qb7 84. Rc4
Qb5 85. Rc5 Qb7 86. Qd2 Qe7 87. Rd5 Qe4 88. Kb3 Qb1+ 89. Kc4 Qa1 90. Kb5 Qb1+
91. Kc6 Qb8 92. Rd7 Qc8+ 93. Kb6 Qb8+ 94. Ka6 Qa8+ 95. Kb5 Qb8+ 96. Ka4 g4 97.
Qd5 Qf4+ 98. Kb5 Qb8+ 99. Rb7 Qc8 100. Rd7 Qb8+ 101. Ka6 Qe8 102. Kb7 Be5 103.
a6 Qb8+ 104. Kc6 Qa8+ 105. Kb5 Qb8+ 106. Ka4 g3 107. Rxf7+ Kh6 108. Qc6+ Kh5
109. Rf5+ 1-0

[Event "SPICE Cup"]
[Site "Chesterfield USA"]
[Date "2020.10.22"]
[Round "5"]
[White "Shepherd, Duncan"]
[Black "Atanasov, Anthony"]
[Result "0-1"]
[WhiteElo "2033"]
[BlackElo "2205"]
[PlyCount "172"]
[EventDate "2020.10.20"]
[EventType "swiss"]
[EventRounds "9"]
[EventCountry "USA"]
[Source "ChessMix"]
[SourceDate "2020.11.01"]

1. d4 Nf6 2. c4 g6 3. g3 d5 4. cxd5 Bg7 5. Bg2 Nxd5 6. Nf3 O-O 7. O-O Nc6 8.
Nc3 e5 9. Nxd5 e4 10. Nd2 Qxd5 11. e3 f5 12. Qb3 Be6 13. Qxd5 Bxd5 14. b3 a5
15. a3 a4 16. b4 Nxd4 17. exd4 Bxd4 18. Rb1 Ba2 19. Bb2 Bxb1 20. Bxd4 Rfd8 21.
Be3 Ba2 22. Rc1 Rd7 23. Bf1 Rad8 24. Rc2 Be6 25. Be2 Kg7 26. Bg5 Rc8 27. h4 Rh8
28. Bf4 Rc8 29. Be5+ Kf7 30. Bf4 Kg7 31. Be5+ Kf7 32. Bf4 Kf6 33. Kh2 Bd5 34.
Be3 Be6 35. Bf4 Bd5 36. Be3 Kg7 37. Bd4+ Kf7 38. Be3 Rh8 39. Nc4 Ke6 40. Bd4
Rb8 41. Be3 b6 42. Nd2 c6 43. Bf4 Rbd8 44. Bg5 Rh8 45. Be3 b5 46. Bh6 Rhd8 47.
Bg5 Rb8 48. Bf4 Ra8 49. Be3 Re8 50. Kg1 Rf7 51. Bf4 Rh8 52. Bh6 Rb7 53. Kh2 Kd7
54. Rc5 Kc8 55. Nf1 Bc4 56. Bxc4 bxc4 57. Rxc6+ Rc7 58. Rxc7+ Kxc7 59. Ne3 Rd8
60. Bf4+ Kc6 61. Nxc4 Kb5 62. Nd6+ Kc6 63. Nc4 Kb5 64. Nb2 Rc8 65. Nd1 Rc2 66.
Kg2 Kc6 67. Be5 Rd2 68. Ne3 Ra2 69. b5+ Kxb5 70. Bd6 Kc6 71. Bf8 Kd7 72. Kg1
Ra1+ 73. Kg2 Ke6 74. Kh2 Rb1 75. Kg2 Kf7 76. Bc5 h6 77. h5 Rb2 78. hxg6+ Kxg6
79. Bd6 Rd2 80. Bb4 Rb2 81. Nc4 Rc2 82. Ne3 Ra2 83. Kg1 Ra1+ 84. Kg2 Rb1 85.
Nc4 Kh5 86. Nb6 Rxb4 0-1

[Event "SPICE Cup"]
[Site "Chesterfield USA"]
[Date "2020.10.23"]
[Round "6"]
[White "Atanasov, Anthony"]
[Black "Singh, Hersh"]
[Result "0-1"]
[WhiteElo "2205"]
[BlackElo "2012"]
[PlyCount "122"]
[EventDate "2020.10.20"]
[EventType "swiss"]
[EventRounds "9"]
[EventCountry "USA"]
[Source "ChessMix"]
[SourceDate "2020.11.01"]

1. d4 d5 2. Nf3 Nf6 3. Bf4 c5 4. e3 Nc6 5. Nbd2 Bg4 6. c3 e6 7. Qa4 Nd7 8. Bb5
Qc8 9. h3 Bh5 10. O-O a6 11. Bd3 b5 12. Qd1 Be7 13. Qb1 Bg6 14. e4 cxd4 15.
exd5 exd5 16. cxd4 O-O 17. Bxg6 hxg6 18. Qd3 Bf6 19. Rac1 Qb7 20. Rfe1 Rfe8 21.
Nf1 Nf8 22. Ne3 Red8 23. Ng4 Rac8 24. a3 Na5 25. Rxc8 Rxc8 26. Nfh2 Nh7 27. Be5
Nc4 28. Bxf6 Nxf6 29. Nxf6+ gxf6 30. Qf3 Kg7 31. Re2 Qd7 32. Qf4 Qd6 33. Qc1
Nb6 34. Qd2 Qc7 35. Re1 Nc4 36. Qe2 Qf4 37. Nf3 Rc6 38. Qe8 Rc7 39. Qe2 Nd6 40.
b3 Ne4 41. g3 Qf5 42. Kg2 Rc3 43. a4 b4 44. Nh2 Nxg3 45. Qg4 Rxb3 46. Qxf5 Nxf5
47. Rc1 Nxd4 48. Rc5 Ne6 49. Ra5 Nf4+ 50. Kg1 Rb1+ 51. Nf1 Nxh3+ 52. Kg2 Nf4+
53. Kf3 Rxf1 54. Rxa6 Ne6 55. Rb6 b3 56. a5 Ra1 57. Kg3 Rxa5 58. Rxb3 d4 59.
Kh4 Rf5 60. Rg3 Rh5+ 61. Kg4 Rg5+ 0-1

[Event "SPICE Cup"]
[Site "Chesterfield USA"]
[Date "2020.10.24"]
[Round "7"]
[White "Paciorkowski, Lev"]
[Black "Atanasov, Anthony"]
[Result "1-0"]
[WhiteElo "2249"]
[BlackElo "2205"]
[PlyCount "160"]
[EventDate "2020.10.20"]
[EventType "swiss"]
[EventRounds "9"]
[EventCountry "USA"]
[Source "ChessMix"]
[SourceDate "2020.11.01"]

1. Nf3 d5 2. e3 Nf6 3. c4 c6 4. Nc3 g6 5. d4 Bg7 6. Be2 O-O 7. O-O Ne4 8. Qb3
dxc4 9. Bxc4 Nd6 10. Be2 Be6 11. Qc2 Bc4 12. e4 Bxe2 13. Nxe2 Nd7 14. e5 Nb5
15. a4 Nc7 16. h4 Ne6 17. h5 Nb6 18. a5 Nd5 19. a6 Qb6 20. axb7 Qxb7 21. Nh4 c5
22. f4 Nb4 23. Qb3 Qe4 24. hxg6 hxg6 25. Nxg6 Qxg6 26. f5 Qg4 27. fxe6 fxe6 28.
Nf4 Nd5 29. Nxd5 Rxf1+ 30. Kxf1 Rf8+ 31. Nf4 Rxf4+ 32. Bxf4 Qxf4+ 33. Qf3 Qxd4
34. Rd1 Qxe5 35. b3 Kh7 36. Re1 Qb2 37. Qh3+ Kg6 38. Qg4+ Kh7 39. Qh4+ Kg8 40.
Qxe7 Qxb3 41. Qxe6+ Qxe6 42. Rxe6 a5 43. Rc6 Bd4 44. Ke2 Kf7 45. Kd3 a4 46. Ra6
Bf6 47. Rxa4 Kg6 48. Ke4 Kg5 49. Kf3 Kf5 50. Re4 Bd4 51. g4+ Kg5 52. Re8 Kg6
53. Ke4 Bf6 54. Rc8 Bd4 55. Kf4 Kf6 56. Rc6+ Ke7 57. Ke4 Kd7 58. Kd5 Be3 59.
Rd6+ Kc7 60. Re6 Bd4 61. g5 Kd7 62. g6 Bg7 63. Ra6 Ke7 64. Kxc5 Bh6 65. Kd5 Kf8
66. Ra7 Be3 67. Rb7 Kg8 68. Ke6 Bd4 69. Kf5 Bc3 70. Kg5 Bd2+ 71. Kh5 Bc3 72.
Rd7 Bb2 73. Rd2 Bc3 74. Rd8+ Kg7 75. Rd7+ Kg8 76. Kh6 Bf6 77. g7 Be7 78. Kg6
Bh4 79. Rc7 Bd8 80. Rc3 Bc7 1-0

[Event "SPICE Cup"]
[Site "Chesterfield USA"]
[Date "2020.10.24"]
[Round "8"]
[White "Atanasov, Anthony"]
[Black "Yanayt, Eugene"]
[Result "1-0"]
[WhiteElo "2205"]
[BlackElo "2173"]
[PlyCount "41"]
[EventDate "2020.10.20"]
[EventType "swiss"]
[EventRounds "9"]
[EventCountry "USA"]
[Source "ChessMix"]
[SourceDate "2020.11.01"]

1. d4 g6 2. Bf4 Bg7 3. e3 d6 4. Nf3 Nd7 5. Bc4 Ngf6 6. Bxf7+ Kxf7 7. Ng5+ Kg8
8. Ne6 Qe8 9. Nxc7 Qd8 10. Nxa8 b6 11. Qf3 Kf7 12. Qc6 Ne8 13. Nc3 Nb8 14. Qa4
Qd7 15. Qc4+ e6 16. Nb5 Nc6 17. d5 Nd8 18. dxe6+ Nxe6 19. Nac7 N8xc7 20. Nxd6+
Ke7 21. O-O-O 1-0

[Event "SPICE Cup"]
[Site "Chesterfield USA"]
[Date "2020.10.25"]
[Round "9"]
[White "Lu, Ming"]
[Black "Atanasov, Anthony"]
[Result "1-0"]
[WhiteElo "2084"]
[BlackElo "2205"]
[PlyCount "67"]
[EventDate "2020.10.20"]
[EventType "swiss"]
[EventRounds "9"]
[EventCountry "USA"]
[Source "ChessMix"]
[SourceDate "2020.11.01"]

1. c4 Nf6 2. Nc3 d5 3. cxd5 Nxd5 4. Nf3 g6 5. h4 Nxc3 6. bxc3 h5 7. e4 c5 8.
Be2 Bg7 9. Rb1 Nc6 10. O-O b6 11. Ng5 Bg4 12. f3 Bd7 13. Qb3 e6 14. f4 Qe7 15.
e5 Na5 16. Qc2 Bc6 17. Ba3 Qc7 18. d4 Bf8 19. Bd3 c4 20. Bxg6 Bxa3 21. Bxf7+
Qxf7 22. Nxf7 Kxf7 23. f5 Rag8 24. fxe6+ Ke8 25. Rf2 Be7 26. Qf5 Rg7 27. Rd2
Rg4 28. d5 Bc5+ 29. Kh2 Rxh4+ 30. Kg3 Rg4+ 31. Kh3 Rg7 32. dxc6 Nxc6 33. Qe4
Nd8 34. Rbd1 1-0

[Event "Speed Chess Super Swiss"]
[Site "chess.com INT"]
[Date "2020.10.03"]
[Round "1"]
[White "Javakhadze, Z."]
[Black "Atanasov, Anthony"]
[Result "0-1"]
[WhiteElo "2441"]
[BlackElo "2205"]
[PlyCount "114"]
[EventDate "2020.10.03"]
[EventType "swiss (blitz)"]
[EventRounds "15"]
[EventCountry "NET"]
[Source "Mark Crowther"]
[SourceDate "2020.10.05"]

1. c4 Nf6 2. d4 g6 3. Nc3 d5 4. Nf3 Bg7 5. Bg5 Ne4 6. cxd5 Nxg5 7. Nxg5 e6 8.
Qd2 exd5 9. Qe3+ Kf8 10. Qf4 Bf6 11. h4 Kg7 12. e3 h6 13. Nf3 Be6 14. Bd3 c5
15. dxc5 Nc6 16. Rc1 Qe7 17. O-O Rad8 18. Rfd1 g5 19. Qg3 g4 20. Ne2 Kf8 21.
Nfd4 Bxh4 22. Qh2 Bf6 23. Qh5 Nxd4 24. Nxd4 Bd7 25. Nf5 Bxf5 26. Bxf5 Rg8 27.
Bxg4 Rg5 28. Qxh6+ Bg7 29. Qh3 Bxb2 30. Rb1 Qf6 31. Bf3 Be5 32. Rxb7 Kg7 33.
Bh5 Rh8 34. g4 Rhxh5 35. Qg2 Rh4 36. f3 Rh7 37. Rxd5 Bh2+ 38. Qxh2 Rxh2 39.
Rxg5+ Qxg5 40. Kxh2 Qxe3 41. Kg2 Qe2+ 42. Kg3 Qe1+ 43. Kf4 Qd1 44. Kg3 Qc1 45.
Rd7 Qxc5 46. Rd3 Qg1+ 47. Kf4 Qf1 48. Ke4 Qc1 49. Kd4 Qc7 50. Ke4 Qb7+ 51. Ke3
Qb6+ 52. Rd4 Qa6 53. Re4 Qa4 54. Kd3 Qa3+ 55. Kd4 Qxa2 56. Ke5 Qa3 57. Kf4 Qa4
0-1

[Event "Speed Chess Super Swiss"]
[Site "chess.com INT"]
[Date "2020.10.03"]
[Round "2"]
[White "Atanasov, Anthony"]
[Black "Bacrot, Etienne"]
[Result "0-1"]
[WhiteElo "2205"]
[BlackElo "2674"]
[PlyCount "79"]
[EventDate "2020.10.03"]
[EventType "swiss (blitz)"]
[EventRounds "15"]
[EventCountry "NET"]
[Source "Mark Crowther"]
[SourceDate "2020.10.05"]

1. d4 Nf6 2. Bf4 c5 3. e3 Qb6 4. Nc3 a6 5. a3 cxd4 6. exd4 d5 7. Nf3 Nc6 8. Be2
Bg4 9. Na4 Qa5+ 10. Bd2 Qc7 11. c3 e6 12. O-O Bd6 13. h3 Bh5 14. c4 dxc4 15.
Nc3 O-O 16. Bg5 Nd5 17. Bxc4 Bxf3 18. Qxf3 Nxd4 19. Qd3 Nxc3 20. bxc3 Nc6 21.
Rfd1 Bh2+ 22. Kh1 Ne5 23. Qd6 Qxd6 24. Rxd6 Nxc4 25. Rd4 Na5 26. Kxh2 Nb3 27.
Rb1 Nxd4 28. cxd4 b5 29. Be3 Rfc8 30. Kg3 Rc3 31. a4 bxa4 32. Ra1 a3 33. Kf4
Rb3 34. Ke4 h6 35. g4 Rd8 36. Ra2 Rd5 37. Bc1 Ra5 38. Bd2 Rb2 39. Be3 Rxa2 40.
f4 0-1

[Event "Speed Chess Super Swiss"]
[Site "chess.com INT"]
[Date "2020.10.03"]
[Round "3"]
[White "Barria Zuniga, Daniel"]
[Black "Atanasov, Anthony"]
[Result "1-0"]
[WhiteElo "2341"]
[BlackElo "2205"]
[PlyCount "81"]
[EventDate "2020.10.03"]
[EventType "swiss (blitz)"]
[EventRounds "15"]
[EventCountry "NET"]
[Source "Mark Crowther"]
[SourceDate "2020.10.05"]

1. d4 e5 2. dxe5 Nc6 3. Nf3 Qe7 4. Nc3 Nxe5 5. Nd5 Nxf3+ 6. gxf3 Qd8 7. Bf4 d6
8. Qd4 Be6 9. O-O-O Nf6 10. e4 Be7 11. Nxe7 Qxe7 12. Rg1 Rg8 13. Be5 dxe5 14.
Qxe5 Bd7 15. Qxc7 Rc8 16. Qxb7 Rxc2+ 17. Kb1 Rxf2 18. Bb5 Rxb2+ 19. Kxb2 Qb4+
20. Kc2 Qc5+ 21. Kb3 Qxb5+ 22. Qxb5 Bxb5 23. Rg5 Be2 24. Rd6 Bxf3 25. Rxf6 Bxe4
26. Ra6 Ke7 27. Re5+ Kd7 28. Rxa7+ Kd6 29. Rxe4 Rb8+ 30. Rb4 Rc8 31. Rxf7 Rd8
32. Rd4+ Ke6 33. Rxd8 Kxf7 34. Rd1 Kg6 35. a4 Kg5 36. a5 Kh5 37. a6 g5 38. a7
Kh4 39. a8=Q h5 40. Qg2 g4 41. Qg3+ 1-0

[Event "Speed Chess Super Swiss"]
[Site "chess.com INT"]
[Date "2020.10.03"]
[Round "4"]
[White "Klotz-Burwell, Hunter"]
[Black "Atanasov, Anthony"]
[Result "0-1"]
[WhiteElo "2103"]
[BlackElo "2205"]
[PlyCount "58"]
[EventDate "2020.10.03"]
[EventType "swiss (blitz)"]
[EventRounds "15"]
[EventCountry "NET"]
[Source "Mark Crowther"]
[SourceDate "2020.10.05"]

1. b3 d5 2. Bb2 Bf5 3. e3 e6 4. Nf3 Nf6 5. Be2 Be7 6. O-O O-O 7. d3 c5 8. Nbd2
Nc6 9. Re1 h6 10. Bf1 Qc7 11. c4 Rfd8 12. Qe2 Nb4 13. e4 dxe4 14. dxe4 Bg4 15.
Qe3 Nc2 16. Qc3 Nxa1 17. Bxa1 Rd7 18. Ne5 Rd4 19. Nxg4 Nxg4 20. Nf3 Bf6 21. e5
Nxe5 22. Nxd4 cxd4 23. Qg3 Qa5 24. Re4 Rd8 25. Bxd4 Nf3+ 26. Qxf3 Bxd4 27. Rf4
f5 28. h4 Be5 29. g3 Qe1 0-1

[Event "Speed Chess Super Swiss"]
[Site "chess.com INT"]
[Date "2020.10.03"]
[Round "5"]
[White "Atanasov, Anthony"]
[Black "Gutenev, A."]
[Result "0-1"]
[WhiteElo "2205"]
[BlackElo "2463"]
[PlyCount "84"]
[EventDate "2020.10.03"]
[EventType "swiss (blitz)"]
[EventRounds "15"]
[EventCountry "NET"]
[Source "Mark Crowther"]
[SourceDate "2020.10.05"]

1. d4 Nf6 2. Bf4 g6 3. e3 b6 4. Qf3 d5 5. Nc3 Bg7 6. Nb5 Na6 7. h4 h5 8. Bd3 c6
9. Nc3 Nb4 10. Nh3 Nxd3+ 11. cxd3 Bf5 12. e4 Bg4 13. Qe3 b5 14. e5 Nd7 15. Ng5
Nf8 16. f3 Bf5 17. Ne2 Qa5+ 18. Kf2 Rc8 19. a4 b4 20. Ng3 Be6 21. Rhc1 Bd7 22.
Rc5 Qb6 23. Rac1 Ne6 24. Nxe6 Bxe6 25. Bg5 Qb7 26. Ne2 Bd7 27. e6 Bxe6 28. Nf4
Bf5 29. Rxc6 Rxc6 30. Rxc6 O-O 31. Nxd5 Re8 32. Nxe7+ Kh7 33. d5 Bxb2 34. Nxf5
Rxe3 35. Nxe3 Bd4 36. Kg3 b3 37. Nc4 b2 38. Nxb2 Qxb2 39. Bf4 Qf2+ 40. Kh3 Kg7
41. d6 Bf6 42. d7 Qxh4# 0-1